Seed production from sugar beets over-wintered in field.

Bibliographic Details
Corporate Author: United States. Department of Agriculture. Office of the Secretary
Format: Government Document eBook
Language:English
Published: Washington : [publisher not identified], 1928.
Series:Agric. Dept. New Series Circ. No. 20
Subjects:
Online Access:Connect to the full text of this electronic document

MARC

Tag First Indicator Second Indicator Subfields
LEADER 00000cam a22000001a 4500
001 in00003785605
005 20190408184320.0
006 m o d f
007 cr bn mmmapmmp
008 040322s1928 dcu o f000 0 eng d
035 |a ebd1910505135 
040 |a UMI  |c UMI  |d UtOrBLW 
086 0 |a A 1.4/2:20 
099 |a A1.4-184.20 
245 0 0 |a Seed production from sugar beets over-wintered in field. 
264 1 |a Washington :  |b [publisher not identified],  |c 1928. 
300 |a 1 online resource (8 pages) 
336 |a text  |b txt  |2 rdacontent 
337 |a computer  |b c  |2 rdamedia 
338 |a online resource  |b cr  |2 rdacarrier 
490 0 |a Agric. Dept. New Series Circ. No. 20 
500 |a [with data from experiments in New Mexico]. 
500 |a Record is based on bibliographic data in ProQuest U.S. Executive Branch Documents, 1910-1932. Reuse except for individual research requires license from ProQuest, LLC. 
533 |a Electronic reproduction.  |b [Bethesda, Md.] :  |c ProQuest,  |d 2012.  |e digital, PDF file.  |n ProQuest U.S. Executive Branch Documents, 1910-1932.  |n Mode of access: World Wide Web via ProQuest website. 
538 |a System requirements: PDF reader software. 
500 |a Electronic resource. 
650 0 |a Agricultural productivity.  |0 http://id.loc.gov/authorities/subjects/sh85002401 
650 0 |a Sugar beet.  |0 http://id.loc.gov/authorities/subjects/sh85129679 
650 0 |a Vegetables.  |0 http://id.loc.gov/authorities/subjects/sh85142489 
655 7 |a Electronic books.  |2 local 
710 1 |a United States.  |b Department of Agriculture.  |b Office of the Secretary. 
776 1 8 |i Microfiche version:  |t Seed production from sugar beets over-wintered in field  |o CIS US Exec MF A1.4-184.20  |w (ProQuest)cis19151696 
856 4 0 |u http://proxy.library.tamu.edu/login?url=http://congressional.proquest.com/congressional/docview/t66.d71.a1.4-184.20  |z Connect to the full text of this electronic document  |t 0 
999 f f |s c7ba50a9-e648-3003-8183-1d4c1bbf0805  |i 0c12a809-890b-3acc-a8b1-943ae1e80198  |t 0 
952 f f |a Texas A&M University  |b College Station  |c Electronic Resources  |d Available Online  |t 0  |h No information provided 
998 f f |t 0  |l Available Online